000 00734nam a2200253Ia 4500
003 OSt
005 20220926014519.0
006 a|||||r|||| 00| 0
007 ta
008 220923b |||||||| |||| 00| 0 eng d
037 _cGeneral Book
040 _aRTL
_cRTL
_beng
041 _2eng
_aeng
082 _aY15:471.73.N7, L5
100 _aHowe Florence Ed.
_953131
245 0 _aWomen and the power to change
260 _aNew York
_bMcGraw-Hill
_c1975
300 _axvii,182p
_ccm.
490 _aCarnegie Commission on Higher Education
500 _aBibliography chapterwise
650 _aWomen Sociology
942 _hY15:471.73.N7, L5
_cGB
_2CC
999 _c629241
_d629241